000 00349nam a2200133Ia 4500
008 220204s9999 xx 000 0 und d
082 _a581.48
_bMAR
100 _aBARKLEY, William D
245 0 _aSeed identification manual.
260 _aDelhi
_bOxford & IBH
_c1961
650 _aSeed identification
700 _aMARTIN, Alexander C
942 _cBK
999 _c20930
_d20930